000 00273nam a2200109Ia 4500
005 20251222144903.0
008 251222s9999||||xx |||||||||||||| ||spa||
082 _a868.56/P45
100 _a"Pérez Galdés, Benito"
245 0 _aTrafalgar: Episodios nacionales
942 _cLIB
999 _c22072
_d22072